00389nam a2200157Ia 4500008004100000020001800041245002200059245005100081260001500132260001600147260000900163300001600172300002500188300001000213500000800223170705s9999 xx 000 0 und d a9780439372978 aChasing Vermeer / cBlue Balliett ; illustrated by Brett Helquist. aNew York : bScholastic, c2004 a254 pages : bcolor illustration ; c19cm. a770